Trendy v oblasti petrokariet rozsiahle možnosti využívania bezhotovostných úhrad
Petrokarty - platobné karty používané na bezhotovostný nákup pohonných látok na čerpacích staniciach. Zavádzanie petrokariet na Slovensku. Štandardná výbava slovenských petrokariet. Formy získavania zákazníkov. Možnosť expanzie petrokariet do príbuzných odvetví ekonomiky. Systém platobných kariet v...
Guardado en:
| Formato: | Capítulo de libro |
|---|---|
| Lenguaje: | eslovaco |
| Materias: | |
| Etiquetas: |
Sin Etiquetas, Sea el primero en etiquetar este registro!
|
MARC
| LEADER | 00000naa a2200000 4500 | ||
|---|---|---|---|
| 001 | r033401 | ||
| 005 | 20230824095740.3 | ||
| 041 | 0 | |a slo | |
| 044 | |a SK | ||
| 245 | 1 | 0 | |a Trendy v oblasti petrokariet |b rozsiahle možnosti využívania bezhotovostných úhrad |
| 520 | |a Petrokarty - platobné karty používané na bezhotovostný nákup pohonných látok na čerpacích staniciach. Zavádzanie petrokariet na Slovensku. Štandardná výbava slovenských petrokariet. Formy získavania zákazníkov. Možnosť expanzie petrokariet do príbuzných odvetví ekonomiky. Systém platobných kariet v spoločnosti Slovnaft Benzinol. | ||
| 610 | 2 | 0 | |a styk platobný bezhotovostný |
| 610 | 2 | 0 | |a karty platobné |
| 610 | 2 | 0 | |a zúčtovanie bezhotovostné |
| 610 | 2 | 0 | |a stanice čerpacie |
| 610 | 2 | 0 | |a hmoty pohonné |
| 610 | 2 | 0 | |a systém off-line |
| 610 | 2 | 0 | |a zákazníci |
| 610 | 2 | 0 | |a inovácia |
| 610 | 2 | 0 | |a maloobchod |
| 610 | 2 | 0 | |a Slovensko |
| 610 | 2 | 0 | |a Slovnaft Benzinol, a.s. Bratislava |